| 000 | 00340nam a2200133Ia 4500 | ||
|---|---|---|---|
| 005 | 20251222144753.0 | ||
| 008 | 251222s9999||||xx |||||||||||||| ||spa|| | ||
| 020 | _a84-7602-106-2 | ||
| 082 | _a370.1/S87 | ||
| 100 | _aSuchodolski, Bogdan | ||
| 245 | 0 | _aPedagogia de l'esséncia i pedagogia de l'existéncia | |
| 264 | _bEumo | ||
| 942 | _cLIB | ||
| 999 |
_c19438 _d19438 |
||